Cálculo II de varias variables (Registro nro. 1902)

Detalles MARC
000 -Cabecera
Campo de control de longitud fija 00960aam a2200397 4500
005 - Fecha y hora de la última transacción
Campo de control 20251114160845.0
008 - Elementos de longitud fija--Información general
Campo de control de longitud fija 150720b2006 xxu||||| |||| 00| 0 spa d
020 ## - International Standard Book Number
Número Internacional Estándar del Libro (ISBN) 9789701052754
041 ## - Idioma
Código de idioma Español
082 ## - Clasificación Decimal Dewey
Número de clasificación 515.15 L334ca8
100 ## - Entrada principal--Autor personal
Nombre personal Larson, Ron
9 (RLIN) 6451
100 ## - Entrada principal--Autor personal
Nombre personal Hostetler, Robert P.
9 (RLIN) 15157
100 ## - Entrada principal--Autor personal
Nombre personal Edwards, Bruce H
9 (RLIN) 6452
245 ## - Título propiamente dicho
Título Cálculo II de varias variables
250 ## - Edición
Mención de edición 8 edición
260 ## - Pie de imprenta
Lugar de publicación, distribución, etc. México
260 ## - Pie de imprenta
Nombre del editor, distribuidor, etc. McGraw-Hill
260 ## - Pie de imprenta
Fecha de publicación, distribución, etc. 2006
300 ## - Descripción física
Extensión 1138 páginas
490 ## - Serie
Título de la Serie Big Data
490 ## - Serie
Título de la Serie Electrónica
490 ## - Serie
Título de la Serie Gestión de Calidad
490 ## - Serie
Título de la Serie Tecnologías de la Información
650 #0 - Materia general
Temática (materia general) CÁLCULO
650 ## - Materia general
Temática (materia general) CRÓNICAS
650 ## - Materia general
Temática (materia general) ECUACIONES
650 ## - Materia general
Temática (materia general) VECTORES
650 ## - Materia general
Temática (materia general) GEOMETRÍA
650 ## - Materia general
Temática (materia general) FUNCIONES VECTORIALES
650 ## - Materia general
Temática (materia general) FUNCIONES DE VARIABLES
942 ## - Punto de acceso adicional KOHA
Tipo de ítem KOHA Libro
Fuente del sistema de clasificación o colocación Dewey Decimal Classification
Existencias
Signatura completa Código de barras Programa Académico Tipo de ítem
515.15 L334ca8 11194   Libro
515.15 L334ca8 11195   Libro
515.15 L334ca8 14087   Libro
515.15 L334ca8 14088   Libro
515.15 L334ca8 14089   Libro